GATE Electronics and Communication Engineering 2019: (Record no. 591539)
[ view plain ]
| 000 -LEADER | |
|---|---|
| fixed length control field | 00569nam a22001577a 4500 |
| 003 - CONTROL NUMBER IDENTIFIER | |
| control field | NUST |
| 005 - DATE AND TIME OF LATEST TRANSACTION | |
| control field | 20221006133347.0 |
| 020 ## - INTERNATIONAL STANDARD BOOK NUMBER | |
| International Standard Book Number | 978-93-528-6845-2 |
| 082 ## - DEWEY DECIMAL CLASSIFICATION NUMBER | |
| Classification number | 621.380413, GAT |
| 100 ## - MAIN ENTRY--PERSONAL NAME | |
| Personal name | Pearson India |
| 9 (RLIN) | 99286 |
| 245 ## - TITLE STATEMENT | |
| Title | GATE Electronics and Communication Engineering 2019: |
| Remainder of title | Person India |
| 260 ## - PUBLICATION, DISTRIBUTION, ETC. | |
| Place of publication, distribution, etc. | India |
| Name of publisher, distributor, etc. | Trishna Knowledge Systems |
| Date of publication, distribution, etc. | 2018 |
| 300 ## - PHYSICAL DESCRIPTION | |
| Extent | lxxviii, 906: pages |
| 505 ## - FORMATTED CONTENTS NOTE | |
| Formatted contents note | Part-1: General Aptitude (Page-1-1), Part-2: Engineering Mathematics (Page-2-1), Part-3: Electronics and Communication Engineering (Page-3-1). |
| 942 ## - ADDED ENTRY ELEMENTS (KOHA) | |
| Source of classification or shelving scheme | |
| Koha item type | Book |
| Withdrawn status | Lost status | Source of classification or shelving scheme | Damaged status | Not for loan | Permanent Location | Current Location | Shelving location | Date acquired | Full call number | Barcode | Date last seen | Price effective from | Koha item type | Public note |
|---|---|---|---|---|---|---|---|---|---|---|---|---|---|---|
| Military College of Signals (MCS) | Military College of Signals (MCS) | General Stacks | 10/06/2022 | 621.380413,GAT | MCS38342 | 10/06/2022 | 10/06/2022 | Book | Almirah Fresh No.45, Shelf No.2 |
